| 000 | 00607pam a2200205 a 4500 | ||
|---|---|---|---|
| 001 | 4749648 | ||
| 005 | 20180206031600.0 | ||
| 008 | 850202s1985 cau a 001 0 eng | ||
| 010 | _a 85001342 | ||
| 020 |
_a0874364485 (alk. paper) : _c$37.50 |
||
| 040 |
_aDLC _cDLC _dDLC |
||
| 041 | _aeng | ||
| 080 | _a658.4012 | ||
| 082 | 0 | 0 |
_a658.4012 ENS _219 |
| 100 | _a54 | ||
| 101 | _aLID | ||
| 245 | 0 | 0 |
_aStrategic planning : _cMarie S. Ensign and Laurie Nogg Adler, editors ; foreword by Donald F. Heany. |
| 906 |
_a7 _bcbc _corignew _d1 _eocip _f19 _gy-gencatlg |
||
| 942 |
_2ddc _cBK |
||
| 999 |
_c41842 _d41842 |
||